000 00636nam a2200217 a 4500
001 BRCA_7089
005 20190321142931.0
008 091211s1920----gw-a######---#000-0#ger-#
041 _ager
044 _agw
050 4 _b.N48 1920
100 1 _aNeumann Carl Wilhelm
_917621
245 1 0 _aMärchenbuch der Natur
_bPlaudereien von Tieren und Pflanzen
_cvon Carl W. Neumann
260 _aLeipzig
_bQuelle & Meyer
_c1920
300 _axi, 231 p.
_bil. (algunas a color)
_c19 cm.
500 _aEstado físico: lomo y cubiertas deteriorados
500 _aO93
650 1 4 _aLiteratura
_xFicción
_917622
902 _aGFM
942 _2lcc
_cB
999 _c6770
_d6770